00313 a2200109 450000100060000008200160000610000190002224500880004126000430012930000140017250000170018689669 a372.241 WAT aWatts, Eleanor aOxford progressive english Book 1bprimary level english book seriescEleanor Watts aKarachibOxford University Pressc2014 aiv, 100p. aDOS Textbook